000 00182nam a2200085 4500
001 1257646
005 20260217141846.0
245 _aFUAT SEZGİN
_cAYŞENUR GÖNEN
260 _bERDEM GENÇ
999 _c1257646
_d1257646